000 00986nam a2200253 a 4500
001 25268
003 BD-RjUL
005 20211209050844.0
008 181010s1920 nyuaf b 000 0 eng
035 _a(BD-RjUL)25337
040 _aDLC
_cOAU
_dOCoLC
_dDLC
_beng
041 _aeng
082 _223
_a297
_bZWI 1920
100 1 _aZwemer, Samuel Marinus,
_d1867-1952.
_9223525
245 1 4 _aThe influence of animism on Islam :
_ban account of popular superstitions,
_cby Samuel M. Zwemer
260 _aLondon:
_bCentral Board of Mission ; Society for Promoting Christan Knowledge,
_c1920.
300 _aviii , [4], 246 p.
_bill. ;
_c20 cm.
500 _a"This volume contains the A. C. Thompson lectures for 1918-1919 delivered on the Hartford Seminary Foundation and at Princeton Theological Seminary in a course of lectures on missions."
504 _aBibliography: p. 245-246.
650 0 _aAnimism.
_994570
650 0 _aIslam.
_9223526
942 _2ddc
_cRAR
999 _c25268
_d25268